书目信息 |
| 题名: |
高师化学专业人才培养策略研究
|
|
| 作者: | 刘清玲 著 | |
| 分册: | ||
| 出版信息: | 西安 西北工业大学出版社 2018 |
|
| 页数: | 186页 | |
| 开本: | 26cm | |
| 丛书名: | ||
| 单 册: | ||
| 中图分类: | O6-4 | |
| 科图分类: | ||
| 主题词: | 化学--人才培养--高等学校 | |
| 电子资源: | ||
| ISBN: | 978-7-5612-6230-6 | |
| 000 | 00844nam0 2200241 45 | |
| 001 | 012001003810 | |
| 005 | 20131105173106.0 | |
| 010 | @a978-7-5612-6230-6@dCNY48.00 | |
| 099 | @aCAL 012019092266 | |
| 100 | @a20190722d2018 em y0chiy50 ea | |
| 101 | 0 | @achi |
| 102 | @aCN@b610000 | |
| 105 | @ay z 000yy | |
| 106 | @ar | |
| 200 | 1 | @a高师化学专业人才培养策略研究@Agao shi hua xue zhuan ye ren cai pei yang ce lue yan jiu@b专著@f刘清玲著 |
| 210 | @a西安@c西北工业大学出版社@d2018 | |
| 215 | @a186页@d26cm | |
| 330 | @a本书共7章,内容包括:高师人才培养模式内涵解读、教师教育人才培养模式发展轨迹、我国高等师范院校人才培养模式的现状、高师化学专业课程改革实践等。 | |
| 606 | 0 | @a化学@x人才培养@x高等学校 |
| 690 | @aO6-4@v5 | |
| 701 | 0 | @a刘清玲@Aliu qing ling@4著 |
| 801 | 0 | @aCN@b上海新华@c20191020 |
| 905 | @b1206725-8@dO6-4@e1067@f4 | |
| 高师化学专业人才培养策略研究/刘清玲著.-西安:西北工业大学出版社,2018 |
| 186页;26cm |
| ISBN 978-7-5612-6230-6:CNY48.00 |
| 本书共7章,内容包括:高师人才培养模式内涵解读、教师教育人才培养模式发展轨迹、我国高等师范院校人才培养模式的现状、高师化学专业课程改革实践等。 |
| ● |
| 相关链接 |
|
|
|
|
正题名:高师化学专业人才培养策略研究
索取号:O6-4/1067
 
预约/预借
| 序号 | 登录号 | 条形码 | 馆藏地/架位号 | 状态 | 备注 |
| 1 | 1206725 | 212067252 | 第二样本阅览室/ [索取号:O6-4/1067] | 在馆 | |
| 2 | 1206726 | 212067261 | 第三借阅区/ [索取号:O6-4/1067] | 在馆 | |
| 3 | 1206727 | 212067270 | 第三借阅区/ [索取号:O6-4/1067] | 在馆 | |
| 4 | 1206728 | 212067289 | 第三借阅区/ [索取号:O6-4/1067] | 在馆 |